Les 10 chansons les plus streamées de ces artistes ! - Statistiques

Statistiques générales
  • Ce quiz a été pris 108 fois
  • Le résultat moyen est 21 sur 100
Statistiques - réponses
Streams Michael Jackson % Correct
693,522,466 Thriller
82%
2,050,105,324 Billie Jean
73%
1,321,310,811 Beat It
65%
27,217,482 Allumer le feu
64%
1,770,845,274 Umbrella
62%
1,600,406,303 Diamonds
61%
1,247,969,766 S&M
50%
2,705,845,068 Bohemian Rhapsody
49%
1,554,160,241 Poker Face
49%
4,706,691,986 Blinding Lights
48%
1,571,142,106 Shake It Off
46%
2,462,894,774 Lose Yourself
40%
827,232,221 Smooth Criminal
38%
1,428,131,082 Bad Romance
37%
114,778,204 Tchikita
37%
3,742,281,964 Starboy
36%
17,364,069 Marie
32%
1,152,150,029 The Monster
32%
1,446,303,297 Crazy In Love
30%
2,562,440,340 The Hills
30%
782,619,429 We Are The Champions
30%
2,018,291,460 Blank Space
29%
2,260,198,374 Save Your Tears
29%
1,773,961,530 Save Your Tears (Remix)
29%
1,256,203,838 Stan
29%
1,460,497,834 We Will Rock You
29%
1,703,604,543 Halo
27%
732,524,005 Single Ladies (Put a Ring on It)
27%
2,235,240,564 Don't Stop Me Now
26%
1,327,969,942 Only Girl (In The World)
26%
720,019,495 Paparazzi
26%
1,161,583,236 Rap God
26%
2,762,476,288 Cruel Summer
25%
2,674,235,595 Shallow
24%
2,512,476,120 Without Me
24%
82,910,584 Je te promets
23%
54,836,293 L'envie
23%
2,074,670,737 The Real Slim Shady
23%
1,499,205,623 Work
23%
823,182,797 Telephone
21%
1,765,823,540 Love The Way You Lie
20%
671,517,647 I Want To Break Free
19%
1,710,923,157 Love On The Brain
19%
1,519,013,435 Stay
19%
1,956,889,853 We Found Love
19%
2,091,872,026 Another One Bites The Dust
18%
1,267,208,054 Just Dance
18%
15,907,649 Que je t'aime
18%
91,774,250 Ma jolie
17%
403,482,321 They Don't Care About Us
17%
1,893,823,845 Can't Feel My Face
15%
2,654,804,214 Die For You
14%
1,831,003,702 Earned It (Fifty Shades Of Grey)
14%
1,680,166,989 Lover
14%
2,001,432,403 Mockingbird
14%
645,984,388 Drunk in Love
13%
634,709,598 If I Were a Boy
13%
127,587,529 J'oublie tout
13%
32,399,282 Le pénitencier
13%
635,212,599 Rock with You
13%
598,091,481 Run the World (Girls)
13%
122,476,334 Avant la douane
12%
17,875,115 Gabrielle
12%
1,898,582,134 I Feel It Coming
12%
942,168,645 Killer Queen
12%
114,775,594 JCVD
11%
17,309,298 Quelque chose de Tennessee
11%
867,404,597 CUFF IT
10%
18,383,704 Diego, libre dans sa tête
10%
1,652,414,491 Godzilla
10%
181,209,271 La bandite
10%
1,125,963,703 Rain On Me
10%
1,773,087,050 Anti-Hero
8%
521,077,151 The Way You Make Me Feel
8%
2,158,561,664 Till I Collapse
8%
119,342,615 Toto et Ninetta
8%
1,807,555,179 Under Pressure
8%
2,015,651,246 Call Out My Name
7%
1,653,109,466 Needed Me
7%
16,007,294 Sang pour sang
7%
618,523,348 TEXAS HOLD 'EM
7%
1,382,994,204 august
6%
1,562,764,900 cardigan
6%
1,327,407,175 Don’t Blame Me
6%
551,598,151 Don't Stop 'Til You Get Enough
6%
502,241,954 Man in the Mirror
6%
967,248,087 Somebody To Love
6%
1,345,365,609 Style
6%
1,838,071,721 Die With A Smile
5%
889,133,024 Million Reasons
5%
461,219,637 P.Y.T. (Pretty Young Thing)
5%
666,879,575 Irreplaceable
4%
690,688,348 Love On Top
4%
1,492,510,479 Always Remember Us This Way
2%
1,052,226,358 Crazy Little Thing Called Love
2%
1,223,933,346 FourFiveSeconds
2%
1,822,151,409 I Don’t Wanna Live Forever (Fifty Shades Darker)
1%
103,055,752 J'ai tout su
1%
79,362,998 Oh qu'elle est belle
1%
134,091,678 La street
0%
Aucun quiz correspondant
Distribution des résultats
% des personnes avec chaque résultat
Percentile par nombre de réponses
Votre historique - résultats
Vous n’avez pas pris ce quiz